00517nam a22001097a 4500040000800000082002600008100001800034245021600052260002600268300002600294856008700320 cRUA aAVM LY 2013 B108 Or.1 aLY, YOUSEANG. aStudy of pig diarrhea in prah sdach district prey veng province, សិក្សាពីជំងឺរាកជ្រូក នៅស្រុកព្រះស្ដេច ខេត្ដព្រៃវែង aPhnom PenhbRUAc2013 axi; 70p.bill.c29cm. uhttps://drive.google.com/file/d/1KTq8gxYXtOWxkJuBruKodJjO2KMpf-EG/view?usp=sharing